| 000 | 01155nam a2200241Ia 4500 | ||
|---|---|---|---|
| 999 |
_c53140 _d53140 |
||
| 001 | 20179 | ||
| 003 | GE_BSU | ||
| 005 | 20230124120401.0 | ||
| 008 | 181216s2006ge xx |||||||||||||| ||geo|| | ||
| 020 | _a99940-36-58-0 | ||
| 040 | _cGE_BSU | ||
| 041 | _ageo | ||
| 080 | _a340.63(075.8) ს-30 | ||
| 245 |
_aსასამართლო ფსიქიატრია / _cც. სამსონიძე , გ. ნანეიშვილი, დ. ზურაბაშვილი, ზ.ბერაია, თ.ხარებავ,თ.ბაზღაძე |
||
| 264 |
_aთბილისი : _b[თობალისი], _c2006. |
||
| 300 |
_a463 გვ. ; _b 21 სმ. |
||
| 653 | _aსამართალი | ||
| 653 | _aსასამართლო ფსიქიატრიის სახელმძღვანელოები უმაღლესი სასწავლებლებისათვის | ||
| 700 |
_aსამსონიძე, ც _916768 |
||
| 700 |
_aნანეიშვილი, გ _93961 |
||
| 700 |
_aზურაბაშვილი, დ _eდა სხვ.. _916769 |
||
| 942 |
_cBK _2udc |
||